000 00523nam a2200169Ia 4500
999 _c132
_d132
003 OSt
005 20210907125324.0
008 190216s9999||||xx |||||||||||||| ||und||
040 _coclc
082 _a297
_bALM/K
100 _aAl Makki, Ahmad Shihab Al Din Ibnu Hajar Al Haytami
_98800
245 0 _aKhalasthul Kalam /
_cAhmad Shihab Al Din Ibnu Hajar Al Haytami Al Makki
260 _bIndian Open University Books,
300 _a114p
650 _aArabic
942 _cBK
_2ddc
_h297
_iALM/K
_k297
_mALM/K